Statistics for Countries by Former Shape #9

Click here to take the quiz!

General Stats

  • This quiz has been taken 51 times
    (36 since last reset)
  • The average score is 10 of 10

Answer Stats

Answer% Correct
Cyprus
100%
Ethiopia
100%
Iraq
100%
Jordan
100%
Montenegro
100%
North Korea
100%
Syria
100%
Bolivia
97%
Finland
97%
Ecuador
91%

Score Distribution

Percentile by Number Answered

Percent of People with Each Score

Your Score History

You have not taken this quiz since the last reset